| 000 | 01114nam0a22002891 4500 | ||
|---|---|---|---|
| 001 | rc\321122 | ||
| 005 | 20191010162730.0 | ||
| 010 |
_a5-250-00570-5 _924000 |
||
| 035 | _a(NLR Aleph) 005555512 | ||
| 090 |
_a5855954 _c5855954 |
||
| 100 | _a20030307d1989 u |0rusy50 ca | ||
| 101 | 0 | _arus | |
| 102 | _aRU | ||
| 105 | _ay ||||||||| | ||
| 200 | 1 |
_aОпыт управления социалистической экономикой в Венгрии _e[Пер. с венг. _fЛ. Баллаи, Ф. Барта, Т. Бек и др. _gОбщ. ред. М.А. Усиевич] |
|
| 210 |
_aМ. _cПолитиздат _d1989 |
||
| 215 |
_a334, [1] с. _d21 |
||
| 300 | _aАвт. указаны на обороте тит. л. | ||
| 300 | _aПеревод изд.: A szocialista gazdaság irányitásának néhány magyarországi tarasztalata (1987) | ||
| 701 | 1 |
_aБаллаи _bЛ. _gЛасло |
|
| 702 | 1 |
_aУсиевич _bМ. А. _gМарина Александровна _4340 |
|
| 801 | 0 |
_aRU _bNLR _gpsbo |
|
| 801 | 1 |
_aRU _bELAR _2rusmarc |
|
| 852 |
_aNLR _j89-3/13705 |
||
| 942 | _cBOOK | ||
| 980 | _aNB | ||